Loading...
Get the life your want /
| Main Author: | |
|---|---|
| Other Authors: | |
| Language: | Undetermined |
| Published: |
London :
Harper Element ,
2008.
|
| LEADER | 00542nam a2200169Ia 4500 | ||
|---|---|---|---|
| 001 | 190709 | ||
| 008 | 170722s9999 xx 000 0 und d | ||
| 020 | |a 9780007292516 | ||
| 100 | |a Bandler, Richard | ||
| 245 | |a Get the life your want / | ||
| 260 | |a London : |b Harper Element , |c 2008. | ||
| 300 | |a 194 p. | ||
| 700 | |a Fitzpatrick , Owen |e editor. | ||
| 923 | |d 20160121 |n 700640 | ||
| 942 | |c GEN | ||
| 999 | |c 155766 |d 155766 | ||
| 952 | |0 0 |1 0 |4 0 |6 S_7_P81 |7 0 |9 218639 |a LIB |b LIB |d 2016-02-13 |e D C Books |l 14 |o S:7 P81 |p 301535 |r 2020-09-22 |s 2020-07-01 |w 2017-08-12 |y GEN | ||